Statystyki dla Wszystkie (nazwane) ulice w gminie Dąbrowa Zielona

Kliknij tutaj aby rozwiązać quiz!

Ogólne statystyki

  • Ten quiz został rozwiązany 15 razy
  • Średni wynik to 12 z 40

Statystyki odpowiedzi

MiejscowośćNazwa ulicy% Poprawnych
CielętnikiLeśna
67%
SoborzyceLeśna
67%
CielętnikiPolna
67%
Dąbrowa ZielonaPolna
67%
CielętnikiSzkolna
67%
Dąbrowa ZielonaZielona
67%
CielętnikiDługa
56%
SoborzyceKrótka
56%
CielętnikiKrótka
56%
Dąbrowa ZielonaKrótka
56%
Dąbrowa ZielonaSłoneczna
56%
CielętnikiSłoneczna
56%
SoborzyceCmentarna
44%
CielętnikiCmentarna
44%
CielętnikiKościelna
44%
Dąbrowa ZielonaKwiatowa
33%
Dąbrowa ZielonaDolna
22%
Dąbrowa ZielonaDziałkowa
22%
Dąbrowa ZielonaGórna
22%
CielętnikiPółnocna
22%
CielętnikiRynek
22%
Dąbrowa ZielonaSadowa
22%
Dąbrowa ZielonaStraży Pożarnej
22%
Dąbrowa ZielonaWładysława Reymonta
22%
Cielętniki3 maja
11%
Soborzycegenerała Karola Świerczewskiego
11%
CielętnikiOgrodowa
11%
SoborzycePartyzantów
11%
Dąbrowa ZielonaPartyzantów
11%
Dąbrowa ZielonaPlac Kościuszki
11%
SoborzycePlac Wolności
11%
Dąbrowa ZielonaRadomszczańska
11%
SoborzyceStrażacka
11%
SoborzyceWiatrakowa
11%
CielętnikiKątna
0%
SoborzyceMaćkówka
0%
CielętnikiPlacowa
0%
CielętnikiSportowa
0%
SoborzyceWierzbie
0%
CielętnikiŻurawia
0%

Rozkład punktacji

Percentyl według liczby udzielonych odpowiedzi

Procent ludzi z każdym wynikiem

Twoja historia wyników

Nie rozwiązałeś tego quizu